[Event "SR Extraliga 2016/2017"]
[Site "?"]
[Date "2016.12.17"]
[Round "3.3"]
[White "Jablonicky, Martin"]
[Black "Jurcik, Martin"]
[Result "1-0"]
[WhiteElo "2281"]
[BlackElo "2341"]
[PlyCount "78"]
[EventDate "2016.??.??"]

1. d4 Nf6 2. Bf4 e6 3. e3 c5 4. Nd2 d5 5. c3 Bd6 6. Bxd6 Qxd6 7. Bd3 Nbd7 8. f4
b6 9. Ngf3 cxd4 10. cxd4 O-O 11. O-O Bb7 12. Ne5 Ne4 13. Bxe4 dxe4 14. Qa4 Nb8
15. Rfc1 f6 16. Nec4 Qd5 17. Qa3 Nc6 18. Nd6 Rab8 19. Nxb7 Rxb7 20. Qb3 Rc8 21.
Qxd5 exd5 22. Rc3 Ne7 23. Rxc8+ Nxc8 24. Rc1 Ne7 25. Kf2 Kf7 26. g4 Ke6 27. Nf1
Kd7 28. Ng3 g6 29. f5 g5 30. Nh5 Ng8 31. Ke2 Rc7 32. Rc3 Rxc3 33. bxc3 Kc6 34.
Kd2 Kb5 35. Kc2 a5 36. Kb3 a4+ 37. Ka3 Ka5 38. Ng7 b5 39. Ne8 Ka6 1-0

[Event "SR Extraliga 2016/2017"]
[Site "?"]
[Date "2016.12.17"]
[Round "3.4"]
[White "Likavsky, Tomas"]
[Black "Karas, Marek"]
[Result "1/2-1/2"]
[WhiteElo "2441"]
[BlackElo "2209"]
[PlyCount "83"]
[EventDate "2016.??.??"]

1. d4 Nf6 2. c4 e6 3. Nc3 Bb4 4. Qc2 O-O 5. a3 Bxc3+ 6. Qxc3 b6 7. Bg5 Bb7 8.
e3 d6 9. f3 Nbd7 10. Nh3 Qe7 11. Be2 h6 12. Bh4 c5 13. O-O cxd4 14. Qxd4 e5 15.
Qd2 d5 16. cxd5 Bxd5 17. Rac1 Be6 18. Nf2 Rfc8 19. b4 Nf8 20. Qb2 Ng6 21. Bg3
e4 22. fxe4 Rxc1 23. Rxc1 Rc8 24. Rxc8+ Bxc8 25. Qd4 Be6 26. Nd3 Qd7 27. Bf3
Qc8 28. h3 Nh7 29. Kh2 Ng5 30. Nf2 Bxh3 31. Nxh3 Qxh3+ 32. gxh3 Nxf3+ 33. Kg2
Nxd4 34. exd4 b5 35. Kf3 f6 36. d5 Nf8 37. e5 fxe5 38. Bxe5 Nd7 39. Ke4 Kf7 40.
d6 g5 41. Kd5 Nxe5 42. Kxe5 1/2-1/2

[Event "SR Extraliga 2016/2017"]
[Site "?"]
[Date "2016.12.17"]
[Round "3.5"]
[White "Gasa, Andrej"]
[Black "Kantorik, Marian"]
[Result "1/2-1/2"]
[WhiteElo "2279"]
[BlackElo "2254"]
[PlyCount "89"]
[EventDate "2016.??.??"]

1. e4 e5 2. Nf3 Nc6 3. Bb5 a6 4. Ba4 d6 5. c3 Bd7 6. O-O Nge7 7. d4 Ng6 8. Re1
Be7 9. Nbd2 h6 10. Nf1 Bg5 11. Ng3 Bxc1 12. Rxc1 O-O 13. dxe5 dxe5 14. Nf5 b5
15. Bc2 Be6 16. Qxd8 Rfxd8 17. b3 f6 18. Ne3 Nf4 19. g3 Nd3 20. Bxd3 Rxd3 21.
Red1 Rad8 22. Ne1 Rxd1 23. Rxd1 Rxd1 24. Nxd1 Kf7 25. f3 Ke7 26. Kf2 Kd6 27.
Nd3 Nb8 28. Ke2 c5 29. Ne3 Nc6 30. Kd2 h5 31. b4 cxb4 32. Nxb4 Nb8 33. a3 a5
34. Nd3 Nd7 35. Kc2 Nb6 36. Kd2 g6 37. Ne1 f5 38. Nd3 fxe4 39. fxe4 Nd7 40. h4
Nb6 41. Nb2 Ba2 42. Kc2 Be6 43. Kd2 Ba2 44. Kc2 Be6 45. Kd2 1/2-1/2

[Event "SR Extraliga 2016/2017"]
[Site "?"]
[Date "2016.12.17"]
[Round "3.6"]
[White "Haring, Viktor"]
[Black "Sahidi, Samir"]
[Result "1-0"]
[WhiteElo "2186"]
[BlackElo "2282"]
[PlyCount "83"]
[EventDate "2016.??.??"]

1. e4 c5 2. Nf3 Nc6 3. d4 cxd4 4. Nxd4 g6 5. Nc3 Bg7 6. Be3 Nf6 7. Bc4 Nxe4 8.
Nxe4 d5 9. Bb5 Bd7 10. Bxc6 bxc6 11. Nc5 Qa5+ 12. Qd2 Qxc5 13. Nf5 Qb5 14.
Nxg7+ Kd8 15. Qc3 Rg8 16. a4 Qb8 17. Bh6 Qd6 18. h4 e5 19. O-O-O f6 20. Rhe1
Qe7 21. f4 e4 22. Qa5+ Kc8 23. c4 dxc4 24. Qa6+ Kc7 25. f5 g5 26. Rxd7+ Qxd7
27. Ne6+ Kb8 28. Rd1 Qc8 29. Qxc4 a5 30. hxg5 fxg5 31. Qb3+ Qb7 32. Qg3+ Kc8
33. Qd6 Qb6 34. f6 Ra7 35. Bf8 Rf7 36. Be7 Kb7 37. Nd8+ Rxd8 38. Bxd8 Qb3 39.
Be7 Qc4+ 40. Kb1 Qxa4 41. Qd7+ Ka6 42. Rc1 1-0

[Event "SR Extraliga 2016/2017"]
[Site "?"]
[Date "2016.12.17"]
[Round "3.7"]
[White "Bury, Rastislav"]
[Black "Haring, Filip"]
[Result "0-1"]
[WhiteElo "2159"]
[BlackElo "2123"]
[PlyCount "66"]
[EventDate "2016.??.??"]

1. d4 Nf6 2. c4 e6 3. Nc3 Bb4 4. Nf3 O-O 5. Bg5 c5 6. d5 b5 7. e3 Bb7 8. a3
Bxc3+ 9. bxc3 bxc4 10. dxe6 fxe6 11. Bxc4 Qa5 12. Bxf6 Rxf6 13. Qb3 Bxf3 14.
gxf3 Nc6 15. Be2 Rb8 16. Qc2 c4 17. Bxc4 Rxf3 18. Rg1 Rbf8 19. Rg2 Qe5 20. Bd3
d5 21. Bxh7+ Kh8 22. Bg6 Na5 23. Bd3 Rc8 24. Rb1 Rcf8 25. Rb4 Rh3 26. Qa4 Rxe3+
27. fxe3 Qxe3+ 28. Be2 Qxc3+ 29. Kd1 Nc4 30. Bxc4 dxc4 31. Qd7 Rf1+ 32. Ke2
Qf3+ 33. Kd2 Rd1+ 0-1

[Event "SR Extraliga 2016/2017"]
[Site "?"]
[Date "2016.12.17"]
[Round "3.8"]
[White "Magat, Jozef"]
[Black "Spacek, Oliver"]
[Result "1-0"]
[WhiteElo "2050"]
[BlackElo "2087"]
[PlyCount "89"]
[EventDate "2016.??.??"]

1. d4 Nf6 2. Nf3 g6 3. g3 Bg7 4. Bg2 O-O 5. O-O d5 6. c4 c6 7. Nc3 Nbd7 8. cxd5
cxd5 9. Qb3 Nb6 10. Ne5 Be6 11. Be3 Ng4 12. Nxg4 Bxg4 13. Rfe1 Be6 14. Rac1 Qd7
15. Qb5 Qc6 16. b3 Rfd8 17. Qxc6 bxc6 18. Nb1 Rdc8 19. Rc5 a5 20. Rec1 Bd7 21.
a4 Re8 22. Bd2 Bxd4 23. Rxa5 Bb2 24. Rc2 Bf6 25. Rxa8 Nxa8 26. e4 e6 27. b4 Nb6
28. a5 Nc4 29. Be1 Nd6 30. Nd2 Rb8 31. Nb3 Nb5 32. Nc5 Bc8 33. exd5 exd5 34.
Bd2 Bf5 35. Rc1 Bb2 36. Re1 Bd4 37. Bf1 Bxc5 38. bxc5 Nc7 39. Bf4 Rc8 40. a6 d4
41. a7 Na8 42. Bc4 d3 43. Re7 Rd8 44. Rxf7 Rd4 45. Bh6 1-0

[Event "SR Extraliga 2016/2017"]
[Site "?"]
[Date "2016.12.18"]
[Round "4.1"]
[White "Vovk, Jurij"]
[Black "Repka, Christopher"]
[Result "1-0"]
[WhiteElo "2603"]
[BlackElo "2472"]
[PlyCount "57"]
[EventDate "2016.??.??"]

1. d4 Nf6 2. Nf3 e6 3. g3 b6 4. Bg2 Bb7 5. c4 Be7 6. Nc3 Ne4 7. Bd2 Nxd2 8.
Qxd2 d6 9. O-O Nd7 10. Qc2 g6 11. b4 O-O 12. a4 c5 13. bxc5 bxc5 14. Rab1 Rb8
15. d5 exd5 16. Nd2 d4 17. Bxb7 dxc3 18. Qxc3 Nb6 19. Bc6 d5 20. a5 Nxc4 21.
Rxb8 Qxb8 22. Bxd5 Nxd2 23. Qxd2 Qc7 24. Qa2 Bd8 25. a6 Qe5 26. Rb1 c4 27. Bxc4
Bb6 28. Rxb6 axb6 29. Bd5 1-0

[Event "SR Extraliga 2016/2017"]
[Site "?"]
[Date "2016.12.18"]
[Round "4.2"]
[White "Svoboda, Svatopluk"]
[Black "Stocek, Jiri"]
[Result "0-1"]
[WhiteElo "2448"]
[BlackElo "2546"]
[PlyCount "80"]
[EventDate "2016.??.??"]

1. e4 e6 2. d4 d5 3. Nc3 Nf6 4. e5 Nfd7 5. f4 c5 6. Nf3 Nc6 7. Be3 cxd4 8. Nxd4
Bc5 9. Qd2 O-O 10. O-O-O a6 11. Kb1 Nxd4 12. Bxd4 b5 13. Bxc5 Nxc5 14. Qf2 Qc7
15. Bd3 b4 16. Ne2 Bb7 17. Qe3 Rae8 18. Qd4 a5 19. Rhf1 Ba6 20. Rc1 Rc8 21. f5
exf5 22. Bxa6 Nxa6 23. Rxf5 Qc4 24. Qe3 Nc5 25. Rf4 Qa6 26. Rd4 Rfd8 27. Nf4
Ne6 28. Rxd5 Nxf4 29. Rxd8+ Rxd8 30. Qxf4 Qe2 31. Qf1 Qxe5 32. g3 h5 33. Rd1
Re8 34. Qd3 a4 35. c3 a3 36. Qd4 Qf5+ 37. Qd3 Qxd3+ 38. Rxd3 Re1+ 39. Kc2 Re2+
40. Rd2 b3+ 0-1

[Event "SR Extraliga 2016/2017"]
[Site "?"]
[Date "2016.12.18"]
[Round "4.3"]
[White "Vetoshko, Volodymyr"]
[Black "Repkova, Eva"]
[Result "1/2-1/2"]
[WhiteElo "2495"]
[BlackElo "2331"]
[PlyCount "88"]
[EventDate "2016.??.??"]

1. e4 d5 2. exd5 Qxd5 3. Nc3 Qd6 4. d4 Nf6 5. Nf3 a6 6. g3 b5 7. Bf4 Qb6 8. Bg2
Bb7 9. O-O e6 10. a4 Bd6 11. Bg5 Nbd7 12. Qe2 b4 13. a5 Qa7 14. Nb1 O-O 15.
Nbd2 Rac8 16. Nc4 Bc6 17. Rfd1 Bb5 18. Bf1 c5 19. Qe1 Bxc4 20. Bxc4 cxd4 21.
Qe2 e5 22. Bxa6 Rc5 23. Nd2 Rxc2 24. Bd3 Rxb2 25. Qf3 Rc8 26. Bxf6 Nxf6 27. Nc4
e4 28. Nxd6 exf3 29. Nxc8 Qd7 30. Bf5 Qb5 31. Nd6 Qa6 32. Bd3 Qxd6 33. a6 Qd5
34. a7 Qa8 35. Rdc1 g6 36. Bb5 d3 37. Bc6 d2 38. Bxa8 dxc1=Q+ 39. Rxc1 Ra2 40.
Bxf3 Rxa7 41. Rb1 Ra3 42. Kg2 b3 43. Bd1 Ne4 44. Rxb3 Rxb3 1/2-1/2

[Event "SR Extraliga 2016/2017"]
[Site "?"]
[Date "2016.12.18"]
[Round "4.4"]
[White "Bednar, Milan"]
[Black "Nayhebaver, Martin"]
[Result "1-0"]
[WhiteElo "2219"]
[BlackElo "2447"]
[PlyCount "135"]
[EventDate "2016.??.??"]

1. d4 Nf6 2. Nf3 g6 3. g3 Bg7 4. Bg2 O-O 5. c4 d6 6. O-O Nc6 7. Nc3 a6 8. h3
Rb8 9. Be3 b5 10. cxb5 axb5 11. Ng5 Na5 12. b3 b4 13. Na4 Bd7 14. Rc1 h6 15.
Nf3 Bxa4 16. bxa4 c6 17. Qd3 Nd7 18. Nd2 d5 19. Nb3 Nc4 20. Rxc4 dxc4 21. Qxc4
e5 22. Qxc6 exd4 23. Nxd4 Re8 24. Qc1 Rc8 25. Nc6 Qf6 26. Qd2 Rxc6 27. Qxd7
Rce6 28. a5 Qb2 29. Bd5 R6e7 30. Qg4 Rd8 31. Bb3 Qc3 32. Qf3 Rde8 33. Rd1 Kh8
34. Rd3 Qc8 35. Qg4 Qb7 36. Qc4 Rc8 37. a6 Qa8 38. Qxb4 Rxe3 39. fxe3 Qxa6 40.
Bxf7 Qf6 41. Qf4 Qa1+ 42. Kg2 Rf8 43. Rd7 Qe1 44. Qf3 Qc1 45. Re7 Qc8 46. Qe4
Qa6 47. Qc4 Qf6 48. Re8 Rxe8 49. Bxe8 Kh7 50. Qe4 Qa6 51. Kg1 Qd6 52. Kf2 Be5
53. Bxg6+ Kg7 54. Bh5 Bxg3+ 55. Kg2 Be5 56. a4 Kf8 57. a5 Qf6 58. Qf3 Ke7 59.
Qxf6+ Kxf6 60. a6 Bb8 61. Kf3 Ke5 62. Bg6 Ba7 63. e4 Bb6 64. Kg4 Kf6 65. Bf5
Ke5 66. Kh5 Be3 67. Kg6 Kd6 68. h4 1-0

[Event "SR Extraliga 2016/2017"]
[Site "?"]
[Date "2016.12.18"]
[Round "4.5"]
[White "Dovzik, Juri"]
[Black "Istona, Martin"]
[Result "1/2-1/2"]
[WhiteElo "2292"]
[BlackElo "2231"]
[PlyCount "37"]
[EventDate "2016.??.??"]

1. d4 Nf6 2. Nf3 g6 3. c4 Bg7 4. g3 O-O 5. Bg2 d5 6. cxd5 Nxd5 7. O-O Nb6 8.
Nc3 Nc6 9. e3 Re8 10. d5 Na5 11. Nd4 Bd7 12. b3 c6 13. e4 cxd5 14. exd5 Nc8 15.
Be3 Nd6 16. Rc1 Rc8 17. Qd2 b6 18. Rfe1 Nf5 19. Nxf5 1/2-1/2

[Event "SR Extraliga 2016/2017"]
[Site "?"]
[Date "2016.12.18"]
[Round "4.6"]
[White "Demeter, Peter"]
[Black "Salai, Ladislav"]
[Result "1-0"]
[WhiteElo "2198"]
[BlackElo "2347"]
[PlyCount "121"]
[EventDate "2016.??.??"]

1. c4 f5 2. Nc3 Nf6 3. Nf3 e6 4. g3 Be7 5. Bg2 O-O 6. O-O d6 7. d3 Qe8 8. e4
fxe4 9. dxe4 e5 10. c5 Na6 11. cxd6 Bxd6 12. Nh4 Be6 13. Nf5 Bc5 14. Qe2 Rd8
15. Be3 Bd4 16. Bg5 Bxf5 17. exf5 c6 18. Ne4 Nxe4 19. Bxd8 Nxf2 20. Rxf2 Qxd8
21. Kh1 Bxf2 22. Qxf2 Qd4 23. Qc2 Qd7 24. g4 Rd8 25. Qc4+ Qf7 26. Qe4 Qe7 27.
Qc4+ Qf7 28. Qe4 Qf6 29. Qc4+ Kh8 30. Re1 h6 31. h3 Nc7 32. Qc3 Re8 33. Qc5 Nb5
34. a4 Qd6 35. Qc4 Qd2 36. Rf1 Nd6 37. Qb3 Qg5 38. Rd1 Qf6 39. Qb4 Rd8 40. Bf3
Kh7 41. Bg2 c5 42. Qa5 b6 43. Qa6 e4 44. b3 e3 45. Qe2 Re8 46. Bf3 Ne4 47. Bxe4
Rxe4 48. Rd3 Qe7 49. Kg2 h5 50. Kf1 Qe5 51. Ke1 Qg3+ 52. Kd1 h4 53. Kc2 c4 54.
bxc4 Rxc4+ 55. Kb3 Re4 56. Rd7 Kh6 57. Kc3 Qe5+ 58. Kb3 Qf4 59. Kc3 Rxa4 60.
Qb5 e2 61. Qc6+ 1-0

[Event "SR Extraliga 2016/2017"]
[Site "?"]
[Date "2016.12.18"]
[Round "4.7"]
[White "Najgebauer, Szemjon"]
[Black "Goban, Marek"]
[Result "1/2-1/2"]
[WhiteElo "2236"]
[BlackElo "2051"]
[PlyCount "52"]
[EventDate "2016.??.??"]

1. d4 b6 2. Nf3 Bb7 3. c4 e6 4. a3 Nf6 5. Nc3 Be7 6. Qc2 c5 7. dxc5 bxc5 8. Bg5
d5 9. cxd5 exd5 10. e3 O-O 11. Rd1 Nbd7 12. Be2 Qa5 13. O-O Rfd8 14. Bh4 Rac8
15. h3 Nf8 16. Qb3 Qb6 17. Qa2 Ne6 18. Ne5 d4 19. Nc4 Qc6 20. Bf3 Qa6 21. Bxb7
Qxb7 22. Ne2 Ne4 23. Bxe7 Qxe7 24. Qb1 Nd6 25. Nxd6 Qxd6 26. exd4 Nxd4 1/2-1/2

[Event "SR Extraliga 2016/2017"]
[Site "?"]
[Date "2016.12.18"]
[Round "4.1"]
[White "Markos, Jan"]
[Black "Druska, Juraj"]
[Result "1/2-1/2"]
[WhiteElo "2568"]
[BlackElo "2448"]
[PlyCount "71"]
[EventDate "2016.??.??"]

1. d4 Nf6 2. Nf3 e6 3. g3 b5 4. Bg2 Bb7 5. O-O Be7 6. c3 a5 7. Bg5 d5 8. Qb3
Nbd7 9. Re1 b4 10. Nbd2 O-O 11. Bxf6 Nxf6 12. cxb4 axb4 13. Ne5 Nd7 14. Nxd7
Qxd7 15. Qc2 c5 16. dxc5 Rfc8 17. Nb3 Qb5 18. Rec1 Bxc5 19. Nxc5 Ra5 20. Qd2
Rxc5 21. Rxc5 Qxc5 22. Rc1 Qd6 23. a3 Rb5 24. Qd3 Rc5 25. Rxc5 Qxc5 26. Qb3 Ba6
27. Bf1 bxa3 28. Qxa3 Qxa3 29. bxa3 Kf8 30. e3 Bb7 31. f4 Ke7 32. Kf2 Kd6 33.
Bd3 h6 34. Ke2 Bc6 35. Kd2 Kc5 36. Kc3 1/2-1/2

[Event "SR Extraliga 2016/2017"]
[Site "?"]
[Date "2016.12.18"]
[Round "4.2"]
[White "Manik, Mikulas"]
[Black "Babula, Vlastimil"]
[Result "1/2-1/2"]
[WhiteElo "2437"]
[BlackElo "2558"]
[PlyCount "25"]
[EventDate "2016.??.??"]

1. e4 c5 2. Nf3 e6 3. c3 Nf6 4. e5 Nd5 5. d4 cxd4 6. cxd4 d6 7. Bc4 Nc6 8. O-O
Be7 9. Qe2 O-O 10. Rd1 Na5 11. Bxd5 exd5 12. Nc3 Be6 13. Bf4 1/2-1/2

[Event "SR Extraliga 2016/2017"]
[Site "?"]
[Date "2016.12.18"]
[Round "4.3"]
[White "Mrva, Martin"]
[Black "Mikrut, Dariusz"]
[Result "1/2-1/2"]
[WhiteElo "2402"]
[BlackElo "2395"]
[PlyCount "91"]
[EventDate "2016.??.??"]

1. e4 c5 2. Nf3 d6 3. d4 cxd4 4. Nxd4 Nf6 5. Nc3 a6 6. g3 e5 7. Nf3 Be7 8. Bg2
O-O 9. O-O Be6 10. Re1 b5 11. Nh4 g6 12. Nf5 b4 13. Nxe7+ Qxe7 14. Nd5 Nxd5 15.
exd5 Bf5 16. Bd2 a5 17. a3 Na6 18. f4 Rfc8 19. axb4 Nxb4 20. Bxb4 axb4 21. Rxa8
Rxa8 22. fxe5 dxe5 23. d6 Qa7+ 24. Kh1 Rd8 25. Qd5 Qd4 26. c3 bxc3 27. bxc3
Qxc3 28. Rd1 Be6 29. Qb5 Kg7 30. Qb6 Qb3 31. Rb1 Qxb6 32. Rxb6 f5 33. Kg1 Kf6
34. Kf2 Bd7 35. Bd5 g5 36. Ke3 f4+ 37. Ke4 Bf5+ 38. Kf3 Rd7 39. g4 Be6 40. Be4
Ra7 41. h3 h6 42. Rb8 Rd7 43. Rh8 Rxd6 44. Rxh6+ Kf7 45. Rh7+ Kf6 46. Rh6+
1/2-1/2

[Event "SR Extraliga 2016/2017"]
[Site "?"]
[Date "2016.12.18"]
[Round "4.4"]
[White "Kusiak, Matej"]
[Black "Pcola, Pavol"]
[Result "1-0"]
[WhiteElo "2318"]
[BlackElo "2379"]
[PlyCount "53"]
[EventDate "2016.??.??"]

1. e4 e6 2. d4 d5 3. Nc3 Nf6 4. Bg5 dxe4 5. Nxe4 Be7 6. Bxf6 gxf6 7. Nf3 f5 8.
Nc3 c6 9. Qd2 Nd7 10. g3 b6 11. Bg2 Bb7 12. O-O-O Qc7 13. Ne5 Nxe5 14. dxe5 Bb4
15. a3 Bxc3 16. Qxc3 Rd8 17. Rd6 O-O 18. Rhd1 Qe7 19. Qd2 Rxd6 20. exd6 Qd7 21.
Qg5+ Kh8 22. Qe7 Rd8 23. b4 a6 24. a4 b5 25. Qxd7 Rxd7 26. axb5 axb5 27. c4 1-0

[Event "SR Extraliga 2016/2017"]
[Site "?"]
[Date "2016.12.18"]
[Round "4.5"]
[White "Pinter, Erik"]
[Black "Jacko, Vladimir"]
[Result "1/2-1/2"]
[WhiteElo "2391"]
[BlackElo "2307"]
[PlyCount "102"]
[EventDate "2016.??.??"]

1. e4 e5 2. Nf3 d6 3. Bc4 Nc6 4. c3 g6 5. d4 Qe7 6. O-O Bg7 7. Re1 Nf6 8. dxe5
Nxe5 9. Nxe5 dxe5 10. b3 O-O 11. Ba3 c5 12. Nd2 Rd8 13. Bc1 Bg4 14. Qc2 Rd6 15.
Nf1 Qd7 16. Ne3 Be6 17. Bxe6 Qxe6 18. a4 Rad8 19. Nc4 Rd3 20. Bg5 R8d7 21. Bxf6
Qxf6 22. Rad1 Qd8 23. Ne3 f5 24. Rxd3 Rxd3 25. exf5 e4 26. fxg6 hxg6 27. c4 Qd4
28. Qe2 Rxb3 29. Qg4 Rb6 30. Rd1 Qe5 31. Rd8+ Kf7 32. Rd7+ Kg8 33. g3 Qe6 34.
Qxe6+ Rxe6 35. Rxb7 Ra6 36. Rb5 Rxa4 37. Rxc5 Bd4 38. Rd5 Bxe3 39. fxe3 Rxc4
40. Rd8+ Kf7 41. Rd7+ Ke6 42. Rxa7 Rc3 43. Ra6+ Kf5 44. g4+ Kxg4 45. Rxg6+ Kf3
46. Rg3+ Ke2 47. h4 Rc5 48. Rh3 Rh5 49. Kg2 Rh8 50. h5 Rg8+ 51. Rg3 Rh8 1/2-1/2

[Event "SR Extraliga 2016/2017"]
[Site "?"]
[Date "2016.12.18"]
[Round "4.6"]
[White "Zambor, Norbert"]
[Black "Krak, Tomas"]
[Result "1/2-1/2"]
[WhiteElo "2315"]
[BlackElo "2304"]
[PlyCount "30"]
[EventDate "2016.??.??"]

1. e4 c5 2. Nf3 d6 3. d4 cxd4 4. Nxd4 Nf6 5. Nc3 g6 6. Be3 Bg7 7. f3 O-O 8. Qd2
Nc6 9. O-O-O d5 10. Kb1 Rb8 11. Nb3 dxe4 12. Qxd8 Rxd8 13. Rxd8+ Nxd8 14. Bxa7
Ra8 15. Bb6 Bf5 1/2-1/2

[Event "SR Extraliga 2016/2017"]
[Site "?"]
[Date "2016.12.18"]
[Round "4.7"]
[White "Rajnak, Daniel"]
[Black "Holtman, Teodor"]
[Result "0-1"]
[WhiteElo "2139"]
[BlackElo "2182"]
[PlyCount "66"]
[EventDate "2016.??.??"]

1. d4 Nf6 2. Nf3 g6 3. Bg5 Bg7 4. Nbd2 O-O 5. c3 d6 6. e4 Nc6 7. d5 Nb8 8. Bc4
c6 9. a4 Nbd7 10. a5 Qc7 11. Qe2 Re8 12. O-O Ng4 13. h3 Nge5 14. Nxe5 Nxe5 15.
Bb3 cxd5 16. Bxd5 Bd7 17. f4 e6 18. fxe5 exd5 19. Qf3 Be6 20. exd5 Qc5+ 21. Rf2
Bxd5 22. Ne4 Bxe4 23. Qxf7+ Kh8 24. Bf6 Rg8 25. e6 d5 26. a6 b6 27. c4 Qf8 28.
Bxg7+ Qxg7 29. Qb7 Rab8 30. Qc6 Rbc8 31. Qb7 Rc7 32. Rf7 Rxb7 33. axb7 Qxb2 0-1

[Event "SR Extraliga 2016/2017"]
[Site "?"]
[Date "2016.12.18"]
[Round "4.8"]
[White "Szucs, Vladimir"]
[Black "Pcola, Jaroslav"]
[Result "1/2-1/2"]
[WhiteElo "2177"]
[BlackElo "2059"]
[PlyCount "59"]
[EventDate "2016.??.??"]

1. d4 Nf6 2. c4 c5 3. d5 d6 4. Nc3 g6 5. e4 b5 6. cxb5 a6 7. Nf3 Bg7 8. Bd3 O-O
9. a4 axb5 10. Bxb5 Ba6 11. Bxa6 Nxa6 12. O-O Nd7 13. Qe2 Qb6 14. Nd2 Nb4 15.
Nc4 Qa6 16. Nb5 Nb6 17. Nxb6 Qxb6 18. Ra3 Rfb8 19. b3 Na6 20. Bb2 Nc7 21. Nxc7
Qxc7 22. Bxg7 Kxg7 23. Rc1 Qa5 24. Qc4 Rb4 25. Qc3+ f6 26. f3 Qb6 27. Qe3 Rb8
28. a5 Qa6 29. h4 Rd4 30. Rca1 1/2-1/2

[Event "SR Extraliga 2016/2017"]
[Site "?"]
[Date "2016.12.18"]
[Round "4.1"]
[White "Balogh, Csaba"]
[Black "Banusz, Tamas"]
[Result "1/2-1/2"]
[WhiteElo "2633"]
[BlackElo "2612"]
[PlyCount "59"]
[EventDate "2016.??.??"]

1. e4 e5 2. Nf3 Nc6 3. Bb5 a6 4. Ba4 Nf6 5. O-O Be7 6. Re1 b5 7. Bb3 d6 8. c3
O-O 9. h3 Nb8 10. d4 Nbd7 11. Nbd2 Bb7 12. Bc2 Re8 13. Nf1 Bf8 14. Ng3 g6 15.
Bg5 h6 16. Bd2 Bg7 17. a4 Nb6 18. b3 bxa4 19. bxa4 Nc4 20. Bc1 d5 21. Rb1 Bc6
22. Nxe5 Nxe5 23. dxe5 Nxe4 24. Nxe4 dxe4 25. Bf4 Qxd1 26. Rbxd1 Bxe5 27. Bxe4
Bxf4 28. Bxc6 Rxe1+ 29. Rxe1 Rb8 30. Re8+ 1/2-1/2

[Event "SR Extraliga 2016/2017"]
[Site "?"]
[Date "2016.12.18"]
[Round "4.2"]
[White "Papp, Gabor"]
[Black "Michalik, Peter"]
[Result "1/2-1/2"]
[WhiteElo "2582"]
[BlackElo "2551"]
[PlyCount "35"]
[EventDate "2016.??.??"]

1. e4 e5 2. Nf3 Nc6 3. Bc4 Bc5 4. O-O Nf6 5. d3 h6 6. c3 d6 7. b4 Bb6 8. Nbd2
O-O 9. Bb3 a6 10. Nc4 Ba7 11. Be3 b5 12. Ncd2 Bxe3 13. fxe3 d5 14. a4 Be6 15.
exd5 Nxd5 16. Bxd5 Qxd5 17. Qc2 Rad8 18. axb5 1/2-1/2

[Event "SR Extraliga 2016/2017"]
[Site "?"]
[Date "2016.12.18"]
[Round "4.3"]
[White "Rigo, Zsolt"]
[Black "Ftacnik, Lubomir"]
[Result "0-1"]
[WhiteElo "2383"]
[BlackElo "2551"]
[PlyCount "40"]
[EventDate "2016.??.??"]

1. e4 c5 2. Nf3 d6 3. d4 Nf6 4. Nc3 cxd4 5. Qxd4 e5 6. Bb5+ Nbd7 7. Qd3 h6 8.
Nd2 Be7 9. Nc4 O-O 10. Bxd7 Qxd7 11. Ne3 Qc6 12. Ncd5 Nxd5 13. Nxd5 Bd8 14. Be3
Be6 15. O-O-O Rc8 16. Rd2 f5 17. f3 Rf7 18. Kb1 b5 19. Nb4 Qe8 20. Qxd6 f4 0-1

[Event "SR Extraliga 2016/2017"]
[Site "?"]
[Date "2016.12.18"]
[Round "4.4"]
[White "Antal, Gergely"]
[Black "Maslik, Miroslav"]
[Result "1-0"]
[WhiteElo "2546"]
[BlackElo "2344"]
[PlyCount "55"]
[EventDate "2016.??.??"]

1. e4 e6 2. d4 d5 3. Nd2 Nc6 4. Ngf3 Nf6 5. e5 Nd7 6. Bd3 f6 7. Ng5 Ndxe5 8.
dxe5 fxg5 9. Qh5+ Kd7 10. Nf3 Nb4 11. Bxg5 Nxd3+ 12. cxd3 Bb4+ 13. Ke2 Be7 14.
h4 b6 15. Rac1 h6 16. Bxe7 Qxe7 17. Qg4 Bb7 18. Nd4 h5 19. Qg6 Rh6 20. Qg5 Rc8
21. Rh3 a6 22. Rg3 Qxg5 23. hxg5 Rhh8 24. Rf3 Ke7 25. g6 Rhf8 26. Rxf8 Kxf8 27.
Nxe6+ Ke7 28. Nxg7 1-0

[Event "SR Extraliga 2016/2017"]
[Site "?"]
[Date "2016.12.18"]
[Round "4.5"]
[White "Federic, Jozef"]
[Black "Pacher, Milan"]
[Result "1/2-1/2"]
[WhiteElo "2291"]
[BlackElo "2479"]
[PlyCount "98"]
[EventDate "2016.??.??"]

1. d4 Nf6 2. Nf3 e6 3. Bf4 d5 4. e3 Bd6 5. Bxd6 cxd6 6. Be2 O-O 7. O-O Nc6 8.
c4 dxc4 9. Bxc4 h6 10. Nc3 e5 11. Rc1 Bg4 12. Be2 Bf5 13. Qa4 a6 14. dxe5 dxe5
15. Rfd1 Qe7 16. Nd5 Nxd5 17. Rxd5 Rfd8 18. Rcd1 Be6 19. Rxd8+ Rxd8 20. Rxd8+
Qxd8 21. a3 Kf8 22. h3 Qd6 23. Qc2 g6 24. Qc3 Ke7 25. Nd2 f5 26. Nf3 Bf7 27. h4
e4 28. Nd4 Nxd4 29. exd4 Kd7 30. Bc4 Bd5 31. Bxd5 Qxd5 32. Qe3 h5 33. Qh6 Qd6
34. Qg7+ Kc6 35. Qf7 Kb6 36. Qb3+ Ka7 37. Qc4 a5 38. b4 Qc6 39. Qa2 a4 40. d5
Qc1+ 41. Kh2 Kb6 42. Qe2 Qc3 43. Qd1 Qd3 44. Qxa4 Qxd5 45. Qe8 Qd6+ 46. g3 Kc7
47. Qf7+ Kc6 48. Qc4+ Kb6 49. a4 Qc6 1/2-1/2

[Event "SR Extraliga 2016/2017"]
[Site "?"]
[Date "2016.12.18"]
[Round "4.6"]
[White "Zetocha, Claudiu"]
[Black "Banas, Kamil"]
[Result "1-0"]
[WhiteElo "2326"]
[BlackElo "2239"]
[PlyCount "57"]
[EventDate "2016.??.??"]

1. e4 c5 2. Nf3 e6 3. c4 d6 4. d4 cxd4 5. Nxd4 Nf6 6. Nc3 a6 7. Be2 Be7 8. O-O
Qc7 9. Be3 O-O 10. Qd2 b6 11. f3 Bb7 12. Rac1 Nbd7 13. Rfd1 Rfe8 14. Bf1 Rad8
15. Kh1 Ba8 16. Qf2 Qb7 17. a3 Bf8 18. b4 Ne5 19. Nb3 Rc8 20. Bxb6 d5 21. cxd5
exd5 22. Na5 Qb8 23. Nxd5 Nxd5 24. Rxc8 Qxc8 25. exd5 Qc3 26. Bc5 Qxa3 27. Bxf8
Rxf8 28. Qd4 f6 29. Ra1 1-0

[Event "SR Extraliga 2016/2017"]
[Site "?"]
[Date "2016.12.18"]
[Round "4.7"]
[White "Matejovic, Juraj"]
[Black "Briestensky, Rastislav"]
[Result "1/2-1/2"]
[WhiteElo "2226"]
[BlackElo "2342"]
[PlyCount "131"]
[EventDate "2016.??.??"]

1. e4 d6 2. d4 Nf6 3. Nc3 g6 4. f4 c6 5. Nf3 Bg7 6. Bd3 O-O 7. O-O Qb6 8. Kh1
Bg4 9. e5 Nd5 10. Nxd5 cxd5 11. c3 e6 12. Qe1 Nd7 13. Qh4 Bf5 14. Bxf5 exf5 15.
Qe7 Rad8 16. e6 Bf6 17. exf7+ Rxf7 18. Qe6 Qb5 19. Re1 Nf8 20. Qe2 Qc6 21. Be3
Re7 22. Qd3 Rde8 23. Bf2 Qa4 24. Rxe7 Rxe7 25. h3 Re4 26. Nd2 Re7 27. a3 Qe8
28. Kg1 Nd7 29. Kf1 Nb6 30. Re1 Rxe1+ 31. Bxe1 Kf7 32. b3 a6 33. a4 Bd8 34. Bf2
Nd7 35. Qe2 Be7 36. Nf3 Qc8 37. Be1 h6 38. Qd3 Nf6 39. Bh4 Ne4 40. Be1 Bf6 41.
Ke2 g5 42. fxg5 hxg5 43. c4 Qe6 44. cxd5 Qxd5 45. Qc4 Qxc4+ 46. bxc4 Ke6 47.
Kd3 d5 48. g4 f4 49. c5 Bd8 50. Ke2 b6 51. cxb6 Bxb6 52. Kd3 Bd8 53. Ke2 Bf6
54. Kd3 Nd6 55. Bc3 Nc4 56. Nd2 Nb6 57. a5 Nc8 58. Nb3 Be7 59. Be1 Na7 60. Ke2
Nc6 61. Kf3 Kd6 62. h4 gxh4 63. Kxf4 Ke6 64. Nc5+ Bxc5 65. dxc5 Nd4 66. Bxh4
1/2-1/2

[Event "SR Extraliga 2016/2017"]
[Site "?"]
[Date "2016.12.18"]
[Round "4.8"]
[White "Petran, Peter"]
[Black "Federic, Pavol"]
[Result "1-0"]
[WhiteElo "2305"]
[BlackElo "2143"]
[PlyCount "55"]
[EventDate "2016.??.??"]

1. g3 d5 2. Bg2 Nf6 3. d3 e5 4. Nf3 Bd6 5. Nbd2 O-O 6. e4 dxe4 7. dxe4 Qe7 8.
O-O Bg4 9. h3 Bh5 10. c3 Nbd7 11. Qc2 Nc5 12. b4 Ne6 13. Nh4 b5 14. a4 a5 15.
Nf5 Qd7 16. axb5 axb4 17. Rxa8 Rxa8 18. c4 c5 19. Nb3 Re8 20. f4 Bb8 21. Bb2
Rd8 22. fxe5 Bd1 23. Qc1 Ng4 24. Na5 Nxe5 25. Bxe5 Bxe5 26. Nc6 Nd4 27. Qxd1
Nxf5 28. Qxd7 1-0